Geboren in Bayreuth - Statistiken

Allgemein
  • Dieses Quiz wurde 17 mal gespielt
  • Das Durchschnittsergebnis liegt bei 2 aus 6
Antwortstatistiken
Hinweis Antwort % Korrekt
Triathletin und Gewinnerin des Ironman Hawaii 2019 1983 Anne Haug
65%
Schriftsteller, "Vorstadtkrokodile" 1926 Max von der Grün
41%
ehemaliger Tennisspieler und zweifacher Wimbledon-Viertelfinalist 1983 Florian Mayer
35%
Präsident der Frankfurter Nationalversammlung 1799 Heinrich von Gagern
24%
Philosoph und Schriftsteller, "Der Einzige und sein Eigentum" 1806 Max Stirner
6%
sozialdemokratischer Politiker und NS-Widerstandskämpfer, der 1944 hingerichtet wurde. Die höchste Auszeichnung des Landes Hessen ist nach ihm benannt 1890 Wilhelm Leuschner
6%
Keine übereinstimmenden Quizze gefunden
Verteilung der Resultate
Anzahl Personen mit jedem Resultat
Perzentil nach korrekt beantworteten Fragen
Ihre Resultats-Entwicklung
Sie haben dieses Quiz noch nicht gespielt